Берег скелетов: для детей и юношества; пер. с англ., фр.; сборник; Берег скелетов; Пещера чудовищ; Львиное озеро
| Övriga upphovsmän: | |
|---|---|
| Språk: | ryska |
| Publicerad: |
Рига, Изд-во фирмы "LST-Co", 1991
|
| TOC: | Д. Дженкинс, Берег скелетов; М. Ренар, Пещера чудовищ; Х. Иннес, Львиное озеро; |
| Serie: | Библиотека приключений, фантастики, морских происшествий и катастроф |
| Ämnen: | |
| Materialtyp: | MixedMaterials Bok |
| KOHA link: | https://koha.lib.tpu.ru/cgi-bin/koha/opac-detail.pl?biblionumber=157786 |
MARC
| LEADER | 00000nam0a2200000 4500 | ||
|---|---|---|---|
| 001 | 157786 | ||
| 005 | 20231031154012.0 | ||
| 010 | |a 5869580013 | ||
| 020 | |a RU |b 92-34472 | ||
| 035 | |a (RuTPU)RU\TPU\book\171145 | ||
| 090 | |a 157786 | ||
| 100 | |a 20090414d1991 de y0rusy5003 ca | ||
| 101 | 2 | |a rus |c eng |c fre | |
| 102 | |a LV | ||
| 105 | |a a z 000ay | ||
| 200 | 1 | |a Берег скелетов |e для детей и юношества |e пер. с англ., фр. |e сборник |f сост. А. Березнев | |
| 210 | |a Рига |c Изд-во фирмы "LST-Co" |d 1991 | ||
| 215 | |a 263,[2] с. |c ил. |d 21 см | ||
| 225 | 1 | |a Библиотека приключений, фантастики, морских происшествий и катастроф | |
| 464 | |t Берег скелетов |f Д. Дженкинс | ||
| 464 | |t Пещера чудовищ |f М. Ренар | ||
| 464 | |t Львиное озеро |f Х. Иннес | ||
| 610 | 1 | |a Приключенческие романы и рассказы | |
| 610 | 1 | |a детская литература | |
| 675 | |a 82 |z rus | ||
| 702 | 1 | |a Березнев |b А. |4 220 | |
| 801 | 0 | |a RU |b RuMRKP |c 19950417 |g psbo | |
| 801 | 1 | |a RU |b 63413507 |c 20090414 |g PSBO | |
| 801 | 2 | |a RU |b 63413507 |c 20090414 |g PSBO | |
| 942 | |c BK | ||